Common Bonds by Clue Quiz Stats

Quiz Updated Feb 17, 2016

Also try: Common Bonds
Challenge
Share
Tweet
Embed
Score 0/61 Timer 15:00
7 Plays Today
a b % Correct
1White
95.1%
5Red
88%
5Double
86.1%
3Street
83.7%
7Baby
83.1%
8Ring
82.7%
2Brake
78.3%
1Flat
77.5%
8Middle
75.1%
4Digital
74.2%
6Air
72.8%
7Lamp
70.9%
5Iron
69.7%
2Kettle
69.2%
5Holy
67.6%
1Sour
67.1%
3Field
66.8%
2Ear
65.8%
4Turn
61%
6Wire
57.4%
1Ginger
56.8%
6Bottle
56.3%
8Lady
56.1%
12Finger
53.4%
8FINGER
53.4%
3Ice
51.8%
6Tooth
45.5%
8Index
39.8%
9Hair
39.2%
10Bread
39%
1BREAD
39%
a b % Correct
2DRUM
37.1%
10Drum
37.1%
7Sunflower
36.1%
3HOCKEY
35.9%
10Hockey
35.9%
9Pepper
35.3%
4Radio
35.1%
3Roller
35%
2Snare
31.8%
11Brush
31.5%
6BRUSH
31.5%
11Cross
29.6%
5CROSS
29.6%
7OIL
28.5%
12Oil
28.5%
7Whale
26.7%
13Stick
24.5%
10STICK
24.5%
4SIGNAL
23.2%
11Signal
23.2%
9Sea
22.8%
12Spray
16.6%
9SPRAY
16.6%
13Paint
14.2%
12PAINT
14.2%
13Fire
13.9%
11FIRE
13.9%
13BALL
13.6%
4Smoke
13.1%
9Fine
8.5%

You're not logged in!

Compare scores with friends on all Sporcle quizzes.
Join for Free
OR
Log In

You Might Also Like...

Show Comments

Extras

Top Quizzes Today


Score Distribution

Your Account Isn't Verified!

In order to create a playlist on Sporcle, you need to verify the email address you used during registration. Go to your Sporcle Settings to finish the process.

Report this User

Report this user for behavior that violates our Community Guidelines.

Details: